<?xml version="1.0" encoding="UTF-8"?>
<record
    xmlns:xsi="http://www.w3.org/2001/XMLSchema-instance"
    xsi:schemaLocation="http://www.loc.gov/MARC21/slim http://www.loc.gov/standards/marcxml/schema/MARC21slim.xsd"
    xmlns="http://www.loc.gov/MARC21/slim">

  <leader>00450nam a22001697a 4500</leader>
  <controlfield tag="003">SGT</controlfield>
  <datafield tag="020" ind1=" " ind2=" ">
    <subfield code="a">9789354654321</subfield>
  </datafield>
  <datafield tag="082" ind1=" " ind2=" ">
    <subfield code="a">617.3</subfield>
    <subfield code="b">P24S</subfield>
  </datafield>
  <datafield tag="100" ind1=" " ind2=" ">
    <subfield code="a">SHETH, MEGHA SANDEEP</subfield>
  </datafield>
  <datafield tag="245" ind1=" " ind2=" ">
    <subfield code="a">PHYSIOTHERAPY IN ORTHOPAEDIC AND RHEUMATOLOGIC CONDITIONS</subfield>
  </datafield>
  <datafield tag="250" ind1=" " ind2=" ">
    <subfield code="a">1ST</subfield>
  </datafield>
  <datafield tag="260" ind1=" " ind2=" ">
    <subfield code="a">INDIA </subfield>
    <subfield code="b">JAYPEE PUB </subfield>
    <subfield code="c">2024</subfield>
  </datafield>
  <datafield tag="300" ind1=" " ind2=" ">
    <subfield code="a">888</subfield>
  </datafield>
  <datafield tag="650" ind1=" " ind2=" ">
    <subfield code="a">PHYSIOTHERAPY</subfield>
  </datafield>
  <datafield tag="653" ind1=" " ind2=" ">
    <subfield code="a">PHYSIOTHERAPY IN ORTHOPAEDIC AND RHEUMATOLOGIC CONDITIONS</subfield>
  </datafield>
  <datafield tag="942" ind1=" " ind2=" ">
    <subfield code="2">ddc</subfield>
    <subfield code="c">BK</subfield>
  </datafield>
  <datafield tag="952" ind1=" " ind2=" ">
    <subfield code="0">0</subfield>
    <subfield code="1">0</subfield>
    <subfield code="2">ddc</subfield>
    <subfield code="4">0</subfield>
    <subfield code="7">1</subfield>
    <subfield code="8">MEDICAL</subfield>
    <subfield code="a">FM</subfield>
    <subfield code="b">FM</subfield>
    <subfield code="c">TXT</subfield>
    <subfield code="d">2025-03-23</subfield>
    <subfield code="e">ABC DELHI</subfield>
    <subfield code="g">1350.00</subfield>
    <subfield code="i">SGTU</subfield>
    <subfield code="o">617.3 P24S</subfield>
    <subfield code="p">FM15266</subfield>
    <subfield code="r">2025-04-25 00:00:00</subfield>
    <subfield code="w">2025-03-23</subfield>
    <subfield code="y">BK</subfield>
    <subfield code="k">20801</subfield>
  </datafield>
  <datafield tag="952" ind1=" " ind2=" ">
    <subfield code="0">0</subfield>
    <subfield code="1">0</subfield>
    <subfield code="2">ddc</subfield>
    <subfield code="4">0</subfield>
    <subfield code="7">0</subfield>
    <subfield code="8">MEDICAL</subfield>
    <subfield code="a">FM</subfield>
    <subfield code="b">FM</subfield>
    <subfield code="c">TXT</subfield>
    <subfield code="d">2025-03-23</subfield>
    <subfield code="e">ABC DELHI</subfield>
    <subfield code="g">1350.00</subfield>
    <subfield code="i">SGTU</subfield>
    <subfield code="l">9</subfield>
    <subfield code="o">617.3 P24S</subfield>
    <subfield code="p">FM15267</subfield>
    <subfield code="r">2026-06-05 12:04:31</subfield>
    <subfield code="s">2026-05-28</subfield>
    <subfield code="w">2025-03-23</subfield>
    <subfield code="y">BK</subfield>
    <subfield code="k">20801</subfield>
  </datafield>
  <datafield tag="952" ind1=" " ind2=" ">
    <subfield code="0">0</subfield>
    <subfield code="1">0</subfield>
    <subfield code="2">ddc</subfield>
    <subfield code="4">0</subfield>
    <subfield code="7">0</subfield>
    <subfield code="8">MEDICAL</subfield>
    <subfield code="a">FM</subfield>
    <subfield code="b">FM</subfield>
    <subfield code="c">TXT</subfield>
    <subfield code="d">2025-03-23</subfield>
    <subfield code="e">ABC DELHI</subfield>
    <subfield code="g">1350.00</subfield>
    <subfield code="i">SGTU</subfield>
    <subfield code="l">2</subfield>
    <subfield code="o">617.3 P24S</subfield>
    <subfield code="p">FM15268</subfield>
    <subfield code="q">2026-06-16</subfield>
    <subfield code="r">2026-06-02 12:42:02</subfield>
    <subfield code="s">2026-06-02</subfield>
    <subfield code="w">2025-03-23</subfield>
    <subfield code="y">BK</subfield>
    <subfield code="k">20801</subfield>
  </datafield>
  <datafield tag="952" ind1=" " ind2=" ">
    <subfield code="0">0</subfield>
    <subfield code="1">0</subfield>
    <subfield code="2">ddc</subfield>
    <subfield code="4">0</subfield>
    <subfield code="7">0</subfield>
    <subfield code="8">MEDICAL</subfield>
    <subfield code="a">FM</subfield>
    <subfield code="b">FM</subfield>
    <subfield code="c">TXT</subfield>
    <subfield code="d">2025-03-23</subfield>
    <subfield code="e">ABC DELHI</subfield>
    <subfield code="g">1350.00</subfield>
    <subfield code="i">SGTU</subfield>
    <subfield code="l">7</subfield>
    <subfield code="o">617.3 P24S</subfield>
    <subfield code="p">FM15269</subfield>
    <subfield code="q">2026-06-08</subfield>
    <subfield code="r">2026-05-25 09:14:33</subfield>
    <subfield code="s">2026-05-25</subfield>
    <subfield code="w">2025-03-23</subfield>
    <subfield code="y">BK</subfield>
    <subfield code="k">20801</subfield>
  </datafield>
  <datafield tag="952" ind1=" " ind2=" ">
    <subfield code="0">0</subfield>
    <subfield code="1">0</subfield>
    <subfield code="2">ddc</subfield>
    <subfield code="4">0</subfield>
    <subfield code="7">0</subfield>
    <subfield code="8">MEDICAL</subfield>
    <subfield code="a">FM</subfield>
    <subfield code="b">FM</subfield>
    <subfield code="c">TXT</subfield>
    <subfield code="d">2025-03-23</subfield>
    <subfield code="e">ABC DELHI</subfield>
    <subfield code="g">1350.00</subfield>
    <subfield code="i">SGTU</subfield>
    <subfield code="l">8</subfield>
    <subfield code="o">617.3 P24S</subfield>
    <subfield code="p">FM15270</subfield>
    <subfield code="q">2026-06-17</subfield>
    <subfield code="r">2026-06-03 12:22:15</subfield>
    <subfield code="s">2026-06-03</subfield>
    <subfield code="w">2025-03-23</subfield>
    <subfield code="y">BK</subfield>
    <subfield code="k">20801</subfield>
  </datafield>
  <datafield tag="999" ind1=" " ind2=" ">
    <subfield code="c">30984</subfield>
    <subfield code="d">30984</subfield>
  </datafield>
</record>
